| 000 | 00661nam a22001937a 4500 | ||
|---|---|---|---|
| 005 | 20130624143540.0 | ||
| 010 | _aENG-107718 | ||
| 020 |
_a9789382601159 _c350.00 |
||
| 035 | _aEN-91251 | ||
| 037 | _bDBAD/PUB | ||
| 100 | _aBoss, Suzie | ||
| 245 |
_aReinventing project-based learning : _cby Suzie Boss [and] Jane Krauss _byour field guide to real-world projects in the digital age / |
||
| 260 |
_aUttar Pradesh _beVookz _c2013 |
||
| 270 |
_a10, Parshawanath Edens, Sector, Alpha-II, Greater Noida _bUttar Pradesh |
||
| 300 |
_ax,200p. _c28cm(pbk) |
||
| 500 | _aIncludes bibliographical references and index | ||
| 700 | _aKrauss, Jane | ||
| 942 |
_2ddc _cEN _mBOS |
||
| 999 |
_c76899 _d76899 |
||